000 00961nas a2200301 4500
001 BR2022000604
003 BR-BrBNA
005 20231205132257.0
007 ta
008 230509b bl.|||p| |||| 00| 00por d
040 _aBR-BrBNA
_bpor
_cBiblioteca Nacional de Agricultura
041 _a(Pt)
072 _aQ04
100 1 _aFranzen, F. de L.
100 1 _aRichards, N.S.P. dos S.
100 1 _aOliveira, M.S.R. de
100 1 _aBackes, F.A.A.L.
100 1 _aMenegaes, J.F.
100 1 _aZago, A.P.
245 1 _aCaracterização e qualidade nutricional de pétalas de flores ornamentais
650 _aFLOR COMESTÍVEL
650 _aCOMPOSIÇÃO QUÍMICA
650 _aVALOR NUTRITIVO
773 0 _tActa Iguazu (Brazil)
_xISSN 2316-4093
_g(2016), v. 5(3) p. 58-70
_wBR2022000604
856 4 0 _uhttps://e-revista.unioeste.br/index.php/actaiguazu/article/view/15834/10752
909 _a202311
_bLúcia
_c55
_dLúcia Elande
942 _2AGRIS
_n0
_cANA
999 _c259439
_d259439